000 00590nam a22002297a 4500
003 UA-OsUOA
001 93768
007 ta
008 20130128b un ||||| |||| 00| 0 ukr d
100 _aВітторіні Е.
090 _a821.131.1
_bВ54
942 _cBK
040 _aUA-OsUOA
_bukr
_cUA-OsUOA
_dUA-OsUOA
245 _aЕріка та інші твори
300 _a380 с.
955 _a3
041 _aukr
080 _a821.131.1
260 _aК.
_bДніпро
_c1969
650 7 _a82 Література. Літературознавство
_2UDC
999 _c380010
_d380010